Vista normal
Vista MARC
Entrada Corporate Name
Número de registros utilizados en: 1
001 - CONTROL NUMBER
- control field: 40169
003 - CONTROL NUMBER IDENTIFIER
- control field: OSt
005 - DATE AND TIME OF LATEST TRANSACTION
- control field: 20210908141231.0
008 - FIXED-LENGTH DATA ELEMENTS
- fixed length control field: 210908|| aca||aabn | a|a d
040 ## - CATALOGING SOURCE
- Original cataloging agency: OSt
- Transcribing agency: OSt
110 ## - HEADING--CORPORATE NAME
- Corporate name or jurisdiction name as entry element: Commission of the European Communities
670 ## - SOURCE DATA FOUND
- Source citation: Work cat.: (OSt)8522: 17516, System of national accounts 1993 / , ©1993